000 00505nam a2200181Ia 4500
003 GCL
008 140319s9999 xx 000 0 eng d
040 _aGCL /
_cGCL
082 0 4 _a612
_bB M
100 1 _aBUTLER, GILLIAN
245 1 0 _aMANAGE YOUR MIND : THE MENTAL FITNERS GUIDE /
_cBUTLER, GILLIAN
700 1 _aHOPE, TONY
260 _a[S.N] :
_bOXFORD UNIVERSITY PRESS ،
_c1995
300 _a438 P P
650 0 4 _aPSYCHOLOGICAL CONSULTATION
650 0 4 _aPSYCHOLOGICAL SCIENCE
942 _2ddc
_cBK
999 _c12032
_d12032